Terytoria Państw w 1444 r. - Statystyki

Ogólne statystyki
  • Ten quiz został rozwiązany 27 razy
    21 od ostatniego zresetowania
  • Średni wynik to 10 z 12
Statystyki odpowiedzi
Obrazkowy Odpowiedź % Poprawnych
Dania
100%
Królestwo Anglii
100%
Królestwo Polskie
100%
Królestwo Szkocji
100%
Królestwo Węgier
100%
Norwegia
100%
Królestwo Czech
94%
Wielkie Księstwo Litewskie
94%
Hospodarstwo Mołdawskie
88%
Państwo Zakonu Krzyżackiego
75%
Kastylia-Leon
50%
Wołoszczyzna
31%
Nie znaleziono quizów pasujących do podanych kryteriów
Rozkład punktacji
Procent ludzi z każdym wynikiem
Percentyl według liczby udzielonych odpowiedzi
Twoja historia wyników
Nie rozwiązałeś tego quizu od ostatniego zresetowania